000 00742nam a2200241Ia 4500
003 OSt
005 20221005120848.0
006 a|||||r|||| 00| 0
007 ta
008 221004b |||||||| |||| 00| 0 eng d
024 _a60664
037 _cTextual
040 _aCRL
_cCRL
_beng
041 _2eng
_aeng
082 _aU8.2.M, A.1-.2
100 _aBacon Thomas
_9629736
245 0 _aFirst impression and studies from nature in Hindostan
_b Embracing an outline of the voyage to Calcutta and five years residence in Bengal and the Doab from MDCCCXXXI to MDCCCXXXVI
260 _c1950
300 _avp
_ccm.
650 _aGEOGRAPHY
942 _hU8.2.M, A.1-.2
_cTEXL
_2cc
999 _c1039337
_d1039337